[Event "Provincial-ch Valencia Preferente"]
[Site "Valencia"]
[Date "2014.09.27"]
[Round "1.5"]
[White "Hompanera Lopez, Enrique"]
[Black "Canton Sanchez, Adrian"]
[Result "1-0"]
[WhiteElo "1967"]
[BlackElo "1809"]
[PlyCount "79"]
[EventDate "2014.09.27"]
[EventType "swiss"]
[EventRounds "7"]
[EventCountry "ESP"]
[SourceTitle "EXT 2024"]
[Source "ChessBase"]
[SourceDate "2023.10.10"]
[SourceVersion "1"]
[SourceVersionDate "2023.10.10"]
[SourceQuality "1"]

1. e4 c5 2. Nf3 Nc6 3. d4 e6 4. d5 exd5 5. exd5 Nce7 6. d6 Nf6 7. dxe7 Bxe7 8. Be2 0-0 9. 0-0 d5 10. Bf4 Bf5 11. Nbd2 Nh5 12. Bg3 Nxg3 13. hxg3 Bf6 14. c3 Qb6 15. Qb3 Qxb3 16. Nxb3 b6 17. Rad1 Be6 18. Rd2 h6 19. Rfd1 Rad8 20. Ne1 d4 21. cxd4 Bxb3 22. axb3 Rxd4 23. Rxd4 Bxd4 24. Rd2 Re8 25. Kf1 Re7 26. Nf3 Bf6 27. Bc4 g6 28. Ne1 Bd4 29. Nd3 Kg7 30. Re2 Rc7 31. g4 g5 32. Ne5 Kf8 33. Ke1 Kg7 34. Kd2 Kf8 35. Kc2 Kg7 36. Kd3 Kf8 37. Ke4 f6 38. Ng6+ Kg7 39. Kf5 Be5 40. Rd2 1-0

[Event "Mislata op-C 20th"]
[Site "Mislata"]
[Date "2012.08.14"]
[Round "2"]
[White "Romero Cuerda, Jose Luis"]
[Black "Canton Sanchez, Adrian"]
[Result "1/2-1/2"]
[WhiteElo "1711"]
[BlackElo "1847"]
[PlyCount "61"]
[EventDate "2012.08.13"]
[EventType "swiss"]
[EventRounds "9"]
[EventCountry "ESP"]
[SourceTitle "EXT 2013"]
[Source "ChessBase"]
[SourceDate "2012.11.22"]
[SourceVersion "1"]
[SourceVersionDate "2012.11.22"]
[SourceQuality "1"]

1. d4 d5 2. c4 e6 3. Nc3 Nf6 4. Nf3 Bb4 5. a3 Bxc3+ 6. bxc3 c6 7. e3 0-0 8. Bd3 Ne4 9. Qc2 f5 10. 0-0 g5 11. Ne5 Nd7 12. f4 Nxe5 13. dxe5 g4 14. cxd5 cxd5 15. c4 Nc5 16. cxd5 Nxd3 17. Qxd3 Qxd5 18. Qxd5 exd5 19. Rd1 Be6 20. Bb2 Rac8 21. Rac1 b5 22. Bd4 a6 23. Bc5 Rfe8 24. Rc3 Rc6 25. Rdc1 Rb8 26. Bd6 Rxc3 27. Rxc3 Rc8 28. Rxc8+ Bxc8 29. Kf1 Kf7 30. Ke2 Ke6 31. Kd3 1/2-1/2

[Event "Provincial-ch Valencia Primera"]
[Site "Valencia"]
[Date "2010.11.06"]
[Round "4"]
[White "Canton Sanchez, Adrian"]
[Black "Martinez Hernandez, Paula"]
[Result "1-0"]
[WhiteElo "1834"]
[BlackElo "1653"]
[PlyCount "79"]
[EventDate "2010.10.02"]
[EventType "swiss"]
[EventRounds "7"]
[EventCountry "ESP"]
[SourceTitle "EXT 2024"]
[Source "ChessBase"]
[SourceDate "2023.10.10"]
[SourceVersion "1"]
[SourceVersionDate "2023.10.10"]
[SourceQuality "1"]

1. h3 c5 2. e4 d6 3. Nf3 Nc6 4. Bb5 Bd7 5. 0-0 g6 6. d4 Qb6 7. Bxc6 Bxc6 8. d5 Bd7 9. c3 Bg7 10. Re1 Qc7 11. Bf4 Qb6 12. Qc1 Nf6 13. e5 Nxd5 14. exd6 e6 15. Bh2 Bf8 16. c4 Nb4 17. Qc3 Rg8 18. Nbd2 Bxd6 19. Bxd6 Qxd6 20. Ne4 Qd3 21. Nf6+ Kf8 22. Red1 Qxc3 23. Nxd7+ Ke7 24. bxc3 Na6 25. Nde5 Rgd8 26. Kf1 f6 27. Ng4 f5 28. Nge5 Rxd1+ 29. Rxd1 Rd8 30. Rb1 Rb8 31. Ke2 f4 32. h4 Kd6 33. Rd1+ Kc7 34. Rd7+ Kb6 35. Rxh7 Rg8 36. Rh6 Nc7 37. Rxg6 Re8 38. h5 Rh8 39. h6 a6 40. Ng5 1-0

[Event "Provincial-ch Valencia Primera"]
[Site "Valencia"]
[Date "2009.11.15"]
[Round "6"]
[White "Canton Sanchez, Adrian"]
[Black "Tamarit Palanca, Jesus"]
[Result "1-0"]
[WhiteElo "1696"]
[BlackElo "1777"]
[PlyCount "51"]
[EventDate "2009.10.03"]
[EventType "swiss"]
[EventRounds "7"]
[EventCountry "ESP"]
[SourceTitle "EXT 2024"]
[Source "ChessBase"]
[SourceDate "2023.10.10"]
[SourceVersion "1"]
[SourceVersionDate "2023.10.10"]
[SourceQuality "1"]

1. e4 c5 2. d4 cxd4 3. c3 dxc3 4. Nxc3 Nc6 5. Bc4 Nf6 6. Bf4 e5 7. Bg5 Bb4 8. Nge2 0-0 9. a3 Bxc3+ 10. Nxc3 Nd4 11. 0-0 Qb6 12. Bxf6 Qxf6 13. Nd5 Qd8 14. f4 d6 15. fxe5 dxe5 16. Qh5 Be6 17. Qxe5 Nc6 18. Qh5 b5 19. Ba2 Kh8 20. Rad1 Rb8 21. Nf6 Qb6+ 22. Kh1 gxf6 23. Rxf6 Rg8 24. Bxe6 fxe6 25. Rf7 Rg7 26. Rxg7 1-0

[Event "Provincial-ch Valencia Primera"]
[Site "Valencia"]
[Date "2009.10.17"]
[Round "2"]
[White "Canton Sanchez, Adrian"]
[Black "Rull Costa, Baltasar"]
[Result "1-0"]
[WhiteElo "1696"]
[BlackElo "1846"]
[PlyCount "81"]
[EventDate "2009.10.03"]
[EventType "swiss"]
[EventRounds "7"]
[EventCountry "ESP"]
[SourceTitle "EXT 2024"]
[Source "ChessBase"]
[SourceDate "2023.10.10"]
[SourceVersion "1"]
[SourceVersionDate "2023.10.10"]
[SourceQuality "1"]

1. a3 e5 2. d3 b6 3. Nf3 d6 4. e4 Nf6 5. g3 Be7 6. Bg2 0-0 7. Bg5 a5 8. Bxf6 Bxf6 9. Nc3 c6 10. d4 exd4 11. Nxd4 Ba6 12. Qd2 Ra7 13. f4 Qc7 14. h4 Bxd4 15. Qxd4 d5 16. exd5 Re8+ 17. Kd2 cxd5 18. Rae1 Qd8 19. Rxe8+ Qxe8 20. Re1 Qc8 21. Bxd5 Kf8 22. Qxb6 Rd7 23. Qxa5 Bb7 24. Kc1 Bxd5 25. Nxd5 Qc4 26. Qb4+ Qxb4 27. Nxb4 h5 28. Rd1 Rb7 29. Rd5 g6 30. c4 Nd7 31. Kc2 Nf6 32. Rd4 Ng4 33. Kc3 Re7 34. Nd5 Re8 35. c5 Nf2 36. c6 Ne4+ 37. Kc4 Nxg3 38. Kc5 Nf5 39. Rd2 Nxh4 40. c7 Nf5 41. Nf6 1-0

[Event "Valencia Autonomico Center-B"]
[Site "Valencia"]
[Date "2009.01.31"]
[Round "4.5"]
[White "Canton Sanchez, Adrian"]
[Black "Manez Alino, Salvador"]
[Result "1-0"]
[WhiteElo "1684"]
[BlackElo "1917"]
[PlyCount "95"]
[EventDate "2009.01.10"]
[EventType "team-tourn"]
[EventRounds "5"]
[EventCountry "ESP"]
[SourceTitle "EXT 2011"]
[Source "ChessBase"]
[SourceDate "2010.11.26"]
[SourceVersion "1"]
[SourceVersionDate "2010.11.26"]
[SourceQuality "1"]

1. e4 e5 2. Nf3 Nc6 3. d4 exd4 4. Nxd4 Bc5 5. Be3 Qf6 6. c3 Nge7 7. Bc4 Bb6 8. 0-0 Ne5 9. Bb3 Qg6 10. Nd2 d6 11. Bf4 Bg4 12. f3 Bd7 13. Kh1 Nd3 14. Bg3 h5 15. Bh4 Nc6 16. Nxc6 Bxc6 17. Nc4 Nf4 18. Qd2 Qh6 19. Nxb6 axb6 20. Bg3 Ne6 21. Qxh6 Rxh6 22. Bf2 Rg6 23. Be3 Ra5 24. Bc2 Ng5 25. b4 Re5 26. f4 Bxe4 27. fxe5 Bxc2 28. exd6 cxd6 29. Bxb6 Kd7 30. a4 Be4 31. Rf2 Nh3 32. Re2 Ng5 33. a5 h4 34. Rae1 f5 35. Rxe4 Nxe4 36. c4 Re6 37. Ra1 g5 38. b5 g4 39. a6 bxa6 40. bxa6 h3 41. a7 g3 42. a8Q hxg2+ 43. Kxg2 Rh6 44. Ra7+ Ke6 45. Qe8+ Kf6 46. Bd4+ Kg5 47. Be3+ Kg4 48. Rg7+ 1-0